Quality assurance for the surveying profession. (Record no. 89478)

MARC details
000 -LEADER
fixed length control field 01115cam a2200241 4500
001 - CONTROL NUMBER
control field M1163
008 - FIXED-LENGTH DATA ELEMENTS--GENERAL INFORMATION
fixed length control field 090401t1989 xxu||||| |||| 00| 0 eng d
035 ## - SYSTEM CONTROL NUMBER
System control number (Sirsi) u30184
041 ## - LANGUAGE CODE
Language code of text/sound track or separate title eng
050 ## - LIBRARY OF CONGRESS CALL NUMBER
Classification number 690.3
110 ## - MAIN ENTRY--CORPORATE NAME
Corporate name or jurisdiction name as entry element Institute of Engineering Surveying and Space Geodesy
9 (RLIN) 2086
245 ## - TITLE STATEMENT
Title Quality assurance for the surveying profession.
260 ## - PUBLICATION, DISTRIBUTION, ETC.
Place of publication, distribution, etc. Nottingham
Name of publisher, distributor, etc. Institute of Engineering Surveying and S
Date of publication, distribution, etc. 1989
300 ## - PHYSICAL DESCRIPTION
Extent ca.230p. ; 30cm.
350 ## - PRICE (NR) (BK AM CF MU VM SE) [OBSOLETE]
Price 0
520 ## - SUMMARY, ETC.
Summary, etc. Papers presented at a seminar at The University of Nottingham on 25th January 1989. Includes:- Assurance and control of quality/ Rooney, M. - Quality audit, assessment and registration in Land Surveying/ Hill, C. - Quality control through British and International Standards/ Smith, J. - Quality assurance and national standards for EDM Instrument Calibration/ Kennie, T. - QA and Total Quality Management/ Jensen, M.
650 ## - SUBJECT ADDED ENTRY--TOPICAL TERM
Topical term or geographic name entry element QUALITY ASSURANCE
650 ## - SUBJECT ADDED ENTRY--TOPICAL TERM
Topical term or geographic name entry element QUALITY MANAGEMENT SYSTEMS
650 ## - SUBJECT ADDED ENTRY--TOPICAL TERM
Topical term or geographic name entry element SURVEYORS
690 ## - LOCAL SUBJECT ADDED ENTRY--TOPICAL TERM (OCLC, RLIN)
Topical term or geographic name as entry element MANAGEMENT-BUSINESS MANAGEMENT-PROFESSIONAL PRACTICE
942 ## - ADDED ENTRY ELEMENTS (KOHA)
Suppress in OPAC 0
948 ## - LOCAL PROCESSING INFORMATION (OCLC); SERIES PART DESIGNATOR (RLIN)
c (OCLC) 04/03/1997
Holdings
Withdrawn status Lost status Source of classification or shelving scheme Damaged status Not for loan Home library Current library Shelving location Date acquired Total Checkouts Full call number Barcode Date last seen Copy number Price effective from Koha item type
    Dewey Decimal Classification     London London Folio 06/01/1993   F690.3 30043496 06/08/2019 1 06/08/2019 Book